00842nam a22002171i 450000100060000001000180000610000410002410100080006520001790007321500230025230000980027570200240037370200280039770200270042570000240045221000540047622500190053041000190054922500280056841100280059621352 a9789722715140 a20170304u u u0frey50 ba0 ager1 fImmanuel KantaInvestigação sobre a clareza dos princípios da teologia natural e da moraleanúncio do programa de lições para o semestre de inverno de 1765 - 1766 a147, [5] p.d24 cm aEdição bilingue em português e alemão. - Oferta de Imprensa Nacional - Casa da Moeda  1aDiasbMónica4570 1aPereirabAmérico4570 1aMorujãobCarlos4730 1aKantbImmanuel4070 cImprensa Nacional-Casa da MoedaaLisboadimp.20062 aEstudos gerais 0tEstudos gerais2 iSérie universitária 0tSérie universitária